000 00474nam a2200181 i 4500
001 bg
100 1 _aJUSTATOWA, Janina.
245 1 0 _aTechnologia wody i ścieków /
_cJanina Justatowa, Stanisław Wiktorowski.
260 _aWarszawa,
_c1972.
650 9 _aWoda
_xtechnologia
650 9 _aŚcieki
_xtechnologia
700 1 _aWIKTOROWSKI, Stanisław.
040 _cBPK
041 _apol
080 _a628.1/3
942 _cKS
008 s pl f |000 0 pol
999 _c7453
_d7453
856 _uhttp://koha.tu.koszalin.pl/cgi-bin/koha/opac-detail.pl?biblionumber=7453
_yKatalog online BPK